LIBRARY & INFORMATION CENTRE, KCAET, TAVANUR

ONLINE PUBLIC ACCESS CATALOGUE (OPAC)

Welding and welding Technology / (Record no. 3304)

MARC details
000 -LEADER
fixed length control field 00527cam a2200205ua 4500
041 ## - LANGUAGE CODE
Language code of text/sound track or separate title eng
082 ## - DEWEY DECIMAL CLASSIFICATION NUMBER
Classification number 671.52
Item number LIT/WE
100 ## - MAIN ENTRY--AUTHOR NAME
Personal name Little, Richard L .
245 ## - TITLE STATEMENT
Title Welding and welding Technology /
250 ## - EDITION STATEMENT
Edition statement 1 /
260 ## - PUBLICATION, DISTRIBUTION, ETC. (IMPRINT)
Place of publication New Delhi :
Name of publisher Tata Mc-Graw Hill Publishing Company ,
Year of publication 2006.
300 ## - PHYSICAL DESCRIPTION
Number of Pages 433 ; .
942 ## - ADDED ENTRY ELEMENTS (KOHA)
Koha item type Books
Holdings
Withdrawn status Lost status Damaged status Home library Current library Date acquired Full call number Accession Number Koha item type
      KAUAET KAUAET 07/04/2012 671.52 15707 Books
      KAUAET KAUAET 07/04/2012 671.52 21244 Books
      KAUAET KAUAET 07/04/2012 671.52 22138 Books
free website counter